Score 0/20 Timer 05:00
0 Plays Today
Population City % Correct
8,336,697New York, NY
98.6%
834,852Indianapolis, IN
88.4%
1,547,607Philadelphia, PA
87.4%
599,199Oklahoma City, OK
85.2%
392,880Minneapolis, MN
82.1%
147,268Kansas City, KS
74.7%
306,211Pittsburgh, PA
72.9%
447,021Virginia Beach, VA
68.9%
345,610Honolulu, HI
68%
431,834Colorado Springs, CO
68%
Population City % Correct
277,727Newark, NJ
67%
298,610Anchorage, AK
63.6%
170,747Fort Lauderdale, FL
46.7%
252,422Chula Vista, CA
41.7%
159,908Sioux Falls, SD
38.3%
223,491North Las Vegas, NV
36.5%
122,761Lafayette, LA
33.2%
124,711Concord, CA
20.5%
158,391Corona, CA
20.1%
111,918Costa Mesa, CA
12.4%

You're not logged in!

Compare scores with friends on all Sporcle quizzes.
OR
Log In

Sporcle TV

Today on Sporcle TV


Watch our educational content, quiz creation guides, and fun videos on Sporcle TV.

Show Comments

Extras

Top Quizzes Today


Score Distribution

Paid Content

Your Account Isn't Verified!

In order to create a playlist on Sporcle, you need to verify the email address you used during registration. Go to your Sporcle Settings to finish the process.

Report this User

Report this user for behavior that violates our Community Guidelines.

Details: